000 00715nam a2200241Ia 4500
003 OSt
005 20220923213500.0
006 a|||||r|||| 00| 0
007 ta
008 220922b |||||||| |||| 00| 0 hin d
024 _a162,325
037 _cTextual
040 _aARTS
_cARTS
_bhin
041 _2hin
_ahin
082 _aO152,2N17,PR, K9
100 _aमाथुर, जगदीश चन्द्र
245 0 _aपहला राजा
246 _aPahalā rājā
260 _c1969
650 _aहिन्दी साहित्य
_9156264
942 _hO152,2N17,PR, K9
_cTEXL
_2CC
999 _c316826
_d316826